000 00346nam a22001337a 4500
020 _a978-93-89461-50-3
082 _a540
_bMTG/N/C
100 _aMTG LEARNING MEDIA
245 _aNCERT SOLUTIONS CHEMISTRY
_bCLASS XII
260 _aDELHI
_bMTG LEARNING MEDIA
300 _a148
650 _aCHEMISTRY NCERT SOLUTIONS FOR CLASS XII
_zINDIA
942 _cBK
999 _c692
_d692